000 00593cam a2200145 4500500
005 20260329010445.0
041 _afre
042 _adc
100 1 0 _aBlanc, André
_eauthor
245 0 0 _aGuy Spielmann, Le Jeu de l’ordre et du chaos. Comédie et pouvoirs à la fin de règne, 1673-1715, Paris, Honoré Champion, 2002. Un vol. 16 × 23 cm de 608 p.
260 _c2006.
500 _a71
786 0 _nDix-septième siècle | 231 | 2 | 2006-06-01 | p. 347i-373i | 0012-4273
856 4 1 _uhttps://shs.cairn.info/revue-dix-septieme-siecle-2006-2-page-347i?lang=fr&redirect-ssocas=7080
999 _c1852761
_d1852761